| 000 | 00430nam a2200133Ia 4500 | ||
|---|---|---|---|
| 008 | 230920s9999||||xx |||||||||||||| ||und|| | ||
| 020 | _a9780128144992 | ||
| 100 | _aKimura, Hideo | ||
| 245 | 0 | _aNanoscale Ferroelectric-Multiferroic Materials for Energy Harvesting Applications | |
| 260 |
_c2019 _bElsevier |
||
| 650 | _aMaterials Science 2019 | ||
| 856 | _uhttps://www.sciencedirect.com/science/book/9780128144992 | ||
| 942 | _cEB | ||
| 999 |
_c316115 _d316115 |
||